Top 10 - Países más peligrosos - Estadísticas

Estadísticas generales
  • Esta prueba ha sido intentada 203 veces
  • La puntuación promedio es 7 de 10
Estadísticas de respuestas
Continente País % Correcto
Asia Irak
86%
Asia Afganistán
82%
Asia Siria
79%
Africa Somalia
76%
Africa Congo
74%
Asia Corea del Norte
69%
Africa Sudan del Sur
62%
Asia Yemen
62%
Africa Libia
56%
Africa Argelia
44%
No se encontraron pruebas coincidentes
Distribución de puntuación
Porcentaje de gente con cada puntuación
Porcentaje por número respondido
Historial de tus puntuaciones
No has intentado esta prueba.